|
|
|
|
| LEADER |
01670cas a2200241 a 4500 |
| 001 |
AALejournalIMF006376 |
| 008 |
230101c9999 xx r poo 0 0eng d |
| 020 |
|
|
|c 5.00 USD
|
| 020 |
|
|
|z 9781451982206
|
| 022 |
|
|
|a 1018-5941
|
| 040 |
|
|
|a BD-DhAAL
|c BD-DhAAL
|
| 100 |
1 |
|
|a Jonas, Jiri.
|
| 245 |
1 |
0 |
|a Fiscal Objective in the Post IMF Program World :
|b The Case of Albania /
|c Jiri Jonas.
|
| 264 |
|
1 |
|a Washington, D.C. :
|b International Monetary Fund,
|c 2010.
|
| 300 |
|
|
|a 1 online resource (29 pages)
|
| 490 |
1 |
|
|a IMF Working Papers
|
| 500 |
|
|
|a <strong>Off-Campus Access:</strong> No User ID or Password Required
|
| 500 |
|
|
|a <strong>On-Campus Access:</strong> No User ID or Password Required
|
| 506 |
|
|
|a Electronic access restricted to authorized BRAC University faculty, staff and students
|
| 520 |
3 |
|
|a The paper discusses the challenges facing Albania's fiscal policy following the graduation from the IMF programs. It argues that Albania's public debt remains too high and needs to be reduced. Strengthening the fiscal framework, including by introducing a numerical fiscal rule, could help achieve this objective. The paper discusses two alternative rules, with the objective of achieving a gradual decline in the public debt ratio. One rule would limit nominal expenditure growth, with a correction mechanism to guard against revenue slippages and other shocks. An alternative rule would limit the growth in nominal public debt.
|
| 538 |
|
|
|a Mode of access: Internet
|
| 830 |
|
0 |
|a IMF Working Papers; Working Paper ;
|v No. 2010/077
|
| 856 |
4 |
0 |
|z Full text available on IMF
|u http://elibrary.imf.org/view/journals/001/2010/077/001.2010.issue-077-en.xml
|z IMF e-Library
|